000 01699cam a22004934i 4500
003 PE-LiUPU
005 20250731173543.0
008 150616s r 000 0 d
020 _a082042076X
035 _a(Sirsi) i9780820420769
040 _aPE-LiUPU
_bspa
_cPE-LiUPU
_erda
049 _aPRUA
082 0 4 _a253.07
_bE46
_221
100 1 _aElliston, Edgar J.,
_eautor.
245 1 0 _aDeveloping Leaders for Urban Ministries.
264 1 _aNew York :
_bPeter Lang,
_c1993.
300 _a297 páginas ;
_c23 centímetros
336 _atext
_2rdacontent
337 _aunmediated
_2rdamedia
338 _avolume
_2rdacarrier
490 0 _aTheology and Religion ;
_v147
504 _aIncluye bibliografía.
505 0 _aModels for equipping leaders.- Foundational perspectives for developing.- Characteristics of the urban context.- Educational foundations for developing leaders.- Adressing needs.
526 _aSEG42
526 _aSEG41
526 _aSEG40
526 _aSEG39
526 _aP94
526 _aP87
526 _aP86
526 _aP85
526 _aP77
526 _aP76
526 _aP35
650 0 4 _aMINISTERIO URBANO.
700 1 _aKauffman, J. Timothy,
_eautor.
910 _ajck
_bjvq
_cjck
942 _2ddc
_cBOOK
949 _a253.07 E46
_wDEWEY
_c1
_i36313
_lCCODEBUL1
_mBUL
_r0
_sY
_tBOOK
_u2015-6-16
_xTEOLOGIA
_zUNKNOWN
_0COMPRA
_o.STAFF. Colección General
994 _aC0
_bPEPRU
596 _a1
999 _a253.07 E46
_wDEWEY
_c60595
_i36313
_f2021-11-10
_g5
_lCCODEBUL1
_mBUL
_r0
_sY
_tBOOK
_u2015-6-16
_xTEOLOGIA
_zUNKNOWN
_0COMPRA
_o.STAFF. Colección General
_d60595
980 _81
_gALBERTO SANCHEZ Responsable de Automatización